|
|
|
|
| LEADER |
00000nam0a2200000 4500 |
| 001 |
60525 |
| 005 |
20231031061546.0 |
| 035 |
|
|
|a (RuTPU)RU\TPU\book\64010
|
| 090 |
|
|
|a 60525
|
| 100 |
|
|
|a 20040210d1979 k y0rusy50 ca
|
| 101 |
1 |
|
|a rus
|c eng
|
| 102 |
|
|
|a RU
|
| 105 |
|
|
|a a z 001zy
|
| 200 |
1 |
|
|a Реология в процессах переработки полимеров
|e пер. с англ.
|f Чанг Дей Хан
|g Под ред. Г. В. Виноградова; М. Л. Фридмана
|
| 210 |
|
|
|a Москва
|c Химия
|d 1979
|
| 215 |
|
|
|a 366 с.
|c ил.
|
| 300 |
|
|
|a Доп. тит. лист
|
| 320 |
|
|
|a Библиогр.: с. 366.
|
| 610 |
1 |
|
|a реология
|
| 610 |
1 |
|
|a кинематика
|
| 610 |
1 |
|
|a вязкие жидкости
|
| 610 |
1 |
|
|a уравнения
|
| 610 |
1 |
|
|a расплавы
|
| 610 |
1 |
|
|a литье
|
| 610 |
1 |
|
|a тензорный анализ
|
| 610 |
1 |
|
|a полимеры
|
| 675 |
|
|
|a 678.027
|v 3
|
| 700 |
|
1 |
|a Чанг Дей Хан
|
| 702 |
|
1 |
|a Виноградов
|b Г. В.
|4 340
|
| 702 |
|
1 |
|a Фридман
|b М. Л.
|4 340
|
| 801 |
|
1 |
|a RU
|b 63413507
|c 20040210
|g PSBO
|
| 801 |
|
2 |
|a RU
|b 63413507
|c 20121127
|g PSBO
|
| 942 |
|
|
|c BK
|